[Event "Titled Tuesday intern op 13th Feb Early"]
[Site "Chess.com INT"]
[Date "2024.02.13"]
[Round "3"]
[White "Martinez, Shawn"]
[Black "Yarullina, Alina"]
[Result "1-0"]
[WhiteElo "1869"]
[BlackElo "2084"]
[PlyCount "27"]
[EventDate "2024.02.13"]
[EventType "swiss (blitz)"]
[EventRounds "11"]
[EventCountry "USA"]
[SourceTitle "CB08_2024"]
[SourceDate "2024.02.21"]
[SourceVersion "1"]
[SourceVersionDate "2024.02.21"]
[SourceQuality "1"]

1. e4 e5 2. Nf3 Nf6 3. Nxe5 Nxe4 4. Qe2 Qe7 5. Qxe4 d6 6. d4 dxe5 7. dxe5 Nc6 8. Bb5 Bd7 9. f4 0-0-0 10. Nc3 f6 11. Be3 fxe5 12. 0-0-0 exf4 13. Qxf4 Qf6 14. Qa4 1-0

[Event "Titled Tuesday intern op 13th Feb Early"]
[Site "Chess.com INT"]
[Date "2024.02.13"]
[Round "7"]
[White "Murthy, Pappu LN"]
[Black "Martinez, Shawn"]
[Result "0-1"]
[WhiteElo "1821"]
[BlackElo "1869"]
[PlyCount "58"]
[EventDate "2024.02.13"]
[EventType "swiss (blitz)"]
[EventRounds "11"]
[EventCountry "USA"]
[SourceTitle "CB08_2024"]
[SourceDate "2024.02.21"]
[SourceVersion "1"]
[SourceVersionDate "2024.02.21"]
[SourceQuality "1"]

1. e4 c5 2. Nf3 e6 3. d4 cxd4 4. Nxd4 a6 5. c4 Qc7 6. Nc3 Nf6 7. a3 b6 8. Bd3 Bb7 9. 0-0 h5 10. Be3 Ng4 11. Nf3 Nc6 12. g3 Nxe3 13. fxe3 Bc5 14. Qe2 Ne5 15. Nxe5 Qxe5 16. Qf3 0-0-0 17. Rac1 g5 18. b4 Bd6 19. Qf6 g4 20. Qxe5 Bxe5 21. Rxf7 h4 22. Kg2 hxg3 23. hxg3 Rh3 24. Rh1 Rxg3+ 25. Kf2 Rh3 26. Rh7 Rxh1 27. Rxh1 Bxc3 28. Rh4 Rg8 29. Kg3 Be1+ 0-1

[Event "Titled Tuesday intern op 13th Feb Early"]
[Site "Chess.com INT"]
[Date "2024.02.13"]
[Round "2"]
[White "Panda, Sambit"]
[Black "Martinez, Shawn"]
[Result "1-0"]
[WhiteElo "2377"]
[BlackElo "1869"]
[PlyCount "95"]
[EventDate "2024.02.13"]
[EventType "swiss (blitz)"]
[EventRounds "11"]
[EventCountry "USA"]
[SourceTitle "CB08_2024"]
[SourceDate "2024.02.21"]
[SourceVersion "1"]
[SourceVersionDate "2024.02.21"]
[SourceQuality "1"]

1. Nf3 d5 2. d4 Nf6 3. Bf4 c5 4. e3 Nc6 5. Nbd2 Qb6 6. dxc5 Qxc5 7. c4 Bg4 8. cxd5 Nxd5 9. Rc1 Qa5 10. Be2 Nxf4 11. exf4 e6 12. 0-0 Rd8 13. Qb3 Qc7 14. Nc4 Bd6 15. Nxd6+ Rxd6 16. h3 Bxf3 17. Bxf3 0-0 18. Rfd1 Rfd8 19. Rxd6 Rxd6 20. Qc3 h6 21. g3 Qd7 22. Be4 f5 23. Bg2 Nd4 24. Re1 Kf7 25. h4 g6 26. Kh2 h5 27. b3 b5 28. Qc5 a5 29. a4 bxa4 30. bxa4 Rc6 31. Bxc6 Nxc6 32. Qb5 Qd5 33. Qxd5 exd5 34. Rc1 Nb4 35. Rc5 Ke6 36. Rxa5 d4 37. Rb5 Nc6 38. Kg2 Kd6 39. Kf3 Na7 40. Rb6+ Nc6 41. Ke2 Kc5 42. Rxc6+ Kxc6 43. Kd3 Kc5 44. a5 Kb5 45. Kxd4 Kxa5 46. Ke5 Kb4 47. Kf6 Kc4 48. Kxg6 1-0

[Event "Titled Tuesday intern op 13th Feb Early"]
[Site "Chess.com INT"]
[Date "2024.02.13"]
[Round "6"]
[White "Smirnov, Mark1"]
[Black "Martinez, Shawn"]
[Result "1-0"]
[WhiteElo "2152"]
[BlackElo "1869"]
[PlyCount "91"]
[EventDate "2024.02.13"]
[EventType "swiss (blitz)"]
[EventRounds "11"]
[EventCountry "USA"]
[SourceTitle "CB08_2024"]
[SourceDate "2024.02.21"]
[SourceVersion "1"]
[SourceVersionDate "2024.02.21"]
[SourceQuality "1"]

1. e4 c5 2. Nf3 e6 3. g3 a6 4. Bg2 b5 5. d4 cxd4 6. Nxd4 Bb7 7. 0-0 d6 8. Nc3 Be7 9. Qg4 g6 10. h4 Nd7 11. Bd2 Ngf6 12. Qe2 h5 13. e5 dxe5 14. Nxe6 Qb8 15. Ng5 Bxg2 16. Kxg2 0-0 17. Rad1 Nc5 18. Be3 Qb7+ 19. f3 Rac8 20. Bxc5 Rxc5 21. Nce4 Nxe4 22. Nxe4 Rc7 23. c3 a5 24. Rd2 Rfc8 25. Rfd1 b4 26. Rd5 bxc3 27. Nxc3 Bf6 28. Rxa5 Bg7 29. Qb5 Qxb5 30. Rxb5 e4 31. Nxe4 Rc2+ 32. Kh3 Bxb2 33. Rd2 Bc1 34. Rxc2 Rxc2 35. Rc5 Rxc5 36. Nxc5 Kf8 37. g4 Ke7 38. gxh5 gxh5 39. Ne4 Ke6 40. Ng3 Ke5 41. Nxh5 Ba3 42. Kg4 f5+ 43. Kg5 Be7+ 44. Kg6 Bxh4 45. Ng7 Kf4 46. Ne6+ 1-0

[Event "Titled Tuesday intern op 09th Jan Early"]
[Site "Chess.com INT"]
[Date "2024.01.09"]
[Round "3"]
[White "Arslanov, Shamil"]
[Black "Martinez, Shawn"]
[Result "1-0"]
[WhiteElo "2410"]
[BlackElo "1869"]
[PlyCount "33"]
[EventDate "2024.01.09"]
[EventType "swiss (blitz)"]
[EventRounds "11"]
[EventCountry "USA"]
[SourceTitle "CB03_2024"]
[SourceDate "2024.01.17"]
[SourceVersion "1"]
[SourceVersionDate "2024.01.17"]
[SourceQuality "1"]

1. d4 d5 2. e4 dxe4 3. Nc3 Nf6 4. f3 exf3 5. Nxf3 Bf5 6. Ne5 c6 7. g4 Bg6 8. h4 Be4 9. Nxe4 Nxe4 10. Qf3 Nd6 11. Bf4 Nd7 12. 0-0-0 e6 13. Kb1 Be7 14. c4 0-0 15. Bd3 c5 16. Nxd7 Qxd7 17. dxc5 1-0

[Event "Titled Tuesday intern op 09th Jan Early"]
[Site "Chess.com INT"]
[Date "2024.01.09"]
[Round "10"]
[White "Martinez, Shawn"]
[Black "Al Tarbosh, Ward"]
[Result "0-1"]
[WhiteElo "1869"]
[BlackElo "2278"]
[PlyCount "178"]
[EventDate "2024.01.09"]
[EventType "swiss (blitz)"]
[EventRounds "11"]
[EventCountry "USA"]
[SourceTitle "CB03_2024"]
[SourceDate "2024.01.17"]
[SourceVersion "1"]
[SourceVersionDate "2024.01.17"]
[SourceQuality "1"]

1. e4 e6 2. d4 d5 3. Bd3 dxe4 4. Bxe4 Nf6 5. Bf3 c5 6. Ne2 Nc6 7. Be3 cxd4 8. Nxd4 Ne5 9. 0-0 Be7 10. Nc3 0-0 11. Re1 a6 12. h3 Nxf3+ 13. Qxf3 e5 14. Nf5 Bxf5 15. Qxf5 Bb4 16. Bg5 Bxc3 17. bxc3 h6 18. Bxf6 Qxf6 19. Qe4 Rac8 20. Re3 Rfd8 21. Qxb7 Rc4 22. Rf3 Rf4 23. Rxf4 Qxf4 24. Qxa6 Rd2 25. Qb6 Rxc2 26. a4 Rc1+ 27. Rxc1 Qxc1+ 28. Kh2 Qf4+ 29. Kg1 Qxa4 30. Qb8+ Kh7 31. Qxe5 Qc2 32. Qd4 Qb1+ 33. Kh2 Qb8+ 34. g3 h5 35. c4 g5 36. h4 gxh4 37. Qxh4 Qe5 38. Qf4 Qe7 39. Qf5+ Kh6 40. c5 h4 41. Qf4+ Kg7 42. Qd4+ Kg8 43. gxh4 Qe6 44. Kg3 Qc6 45. Qd8+ Kh7 46. Qd3+ Kg8 47. Qf5 Qh1 48. Qg5+ Kf8 49. h5 Qg1+ 50. Kh4 Qxf2+ 51. Kg4 Qg2+ 52. Kf5 Qd5+ 53. Kf4 Qd4+ 54. Kg3 Qd3+ 55. Kg4 Qe2+ 56. Kh4 Qe1+ 57. Qg3 Qb4+ 58. Kh3 Qxc5 59. Qg4 Qe3+ 60. Kh4 Qf2+ 61. Kg5 Qc5+ 62. Qf5 Qg1+ 63. Qg4 Qc1+ 64. Qf4 Qc6 65. Qb8+ Kg7 66. Qb2+ f6+ 67. Kh4 Qe4+ 68. Kh3 Qf3+ 69. Kh4 Qf4+ 70. Kh3 Qf5+ 71. Kh4 Qg5+ 72. Kh3 Qxh5+ 73. Kg3 Qg5+ 74. Kf3 Qf5+ 75. Kg3 Kg6 76. Qb8 Qd3+ 77. Kf4 Qd4+ 78. Kg3 Qe3+ 79. Kg4 f5+ 80. Kh4 Qf2+ 81. Kh3 Qf1+ 82. Kh4 Qc4+ 83. Kh3 Qg4+ 84. Kh2 Kg5 85. Qd8+ Kf4 86. Qc7+ Ke4 87. Qc4+ Kf3 88. Qd3+ Kf2 89. Qd4+ Qxd4 0-1

[Event "Titled Tuesday intern op 24th Oct Late"]
[Site "Chess.com INT"]
[Date "2023.10.24"]
[Round "11"]
[White "Martinez, Shawn"]
[Black "Jaskolka, Tomasz"]
[Result "0-1"]
[WhiteElo "1869"]
[BlackElo "2222"]
[PlyCount "92"]
[EventDate "2023.10.24"]
[EventType "swiss (blitz)"]
[EventRounds "11"]
[EventCountry "USA"]
[SourceTitle "Mega2024 Update 01"]
[Source "Chessbase"]
[SourceDate "2023.11.12"]
[SourceVersion "1"]
[SourceVersionDate "2023.11.12"]
[SourceQuality "1"]

1. e4 d5 2. exd5 Nf6 3. Nc3 Nxd5 4. Qf3 Nf6 5. Bc4 Nc6 6. Bb5 Bd7 7. Nge2 e5 8. d3 a6 9. Bxc6 Bxc6 10. Qg3 Bd6 11. Bg5 Qe7 12. 0-0-0 0-0-0 13. Qh4 Bxg2 14. Rhg1 Bc6 15. Ne4 Bxe4 16. dxe4 Qe6 17. Bxf6 gxf6 18. Nc3 f5 19. f3 fxe4 20. fxe4 c6 21. a3 Bc5 22. Rge1 Bd4 23. Rd3 Bxc3 24. bxc3 Rxd3 25. cxd3 Qb3 26. Kd2 Qb2+ 27. Ke3 Qxc3 28. Rf1 Rd8 29. Rd1 Qxa3 30. Qxh7 Qc5+ 31. Ke2 Qd6 32. Qxf7 a5 33. h4 a4 34. h5 Qd4 35. Qf5+ Kb8 36. h6 a3 37. Rd2 Rg8 38. Qh3 Rf8 39. Qg2 Qd7 40. d4 exd4 41. Qg3+ Ka8 42. Qg6 Qe7 43. Kd3 Re8 44. Re2 Rd8 45. Qg7 Qc5 46. h7 Qc3# 0-1

[Event "Titled Tuesday intern op 24th Oct Late"]
[Site "Chess.com INT"]
[Date "2023.10.24"]
[Round "2"]
[White "Martinez, Shawn"]
[Black "Zeltsan, Joseph"]
[Result "1-0"]
[WhiteElo "1869"]
[BlackElo "2421"]
[PlyCount "161"]
[EventDate "2023.10.24"]
[EventType "swiss (blitz)"]
[EventRounds "11"]
[EventCountry "USA"]
[SourceTitle "Mega2024 Update 01"]
[Source "Chessbase"]
[SourceDate "2023.11.12"]
[SourceVersion "1"]
[SourceVersionDate "2023.11.12"]
[SourceQuality "1"]

1. e4 c5 2. Nc3 Nc6 3. Bb5 Nd4 4. Nf3 e6 5. 0-0 a6 6. Bd3 Nc6 7. Re1 g5 8. h3 h5 9. Nh2 g4 10. hxg4 hxg4 11. Qxg4 Nf6 12. Qg3 Nh5 13. Qe3 Bd6 14. g3 b6 15. b3 Rg8 16. Nf1 Qh4 17. Ne2 Ne5 18. f4 Nxd3 19. cxd3 Nxf4 20. e5 Bb7 21. Nxf4 Bxe5 22. Kf2 Qh1 23. Qxe5 Qf3+ 24. Kg1 Rxg3+ 25. Nxg3 Qxg3+ 26. Kf1 Qf3+ 27. Kg1 0-0-0 28. Qg5 Rh8 29. Ng2 Qh3 30. Re2 Qh1+ 31. Kf2 Rh2 32. Re4 f5 33. Qg8+ Kc7 34. Qg3+ d6 35. Bb2 Rxg2+ 36. Qxg2 Qh6 37. Rh1 Qxd2+ 38. Re2 Qf4+ 39. Kg1 Bxg2 40. Kxg2 Qg4+ 41. Kf2 Qf4+ 42. Ke1 Kc6 43. Rf1 Qg3+ 44. Rff2 f4 45. Bf6 e5 46. Kd1 Qg1+ 47. Kd2 Qg4 48. Bxe5 dxe5 49. Rxe5 Qg3 50. Ree2 Kb5 51. Rg2 Qf3 52. Rgf2 Qg4 53. Re4 Qf5 54. Rexf4 Qe5 55. a4+ Ka5 56. b4+ Kxa4 57. bxc5+ Kb3 58. c6 Qc3+ 59. Ke2 Qxc6 60. d4 Qc4+ 61. Ke1 Qc1+ 62. Ke2 a5 63. d5 a4 64. Kd3 Qc3+ 65. Ke4 Qe1+ 66. Kf5 a3 67. R4f3+ Kc4 68. d6 Qd1 69. Ke6 Qd5+ 70. Ke7 Kb4 71. Rf4+ Ka5 72. Rf5 Qxf5 73. Rxf5+ Ka4 74. Rf4+ Kb3 75. Rf3+ Ka4 76. Rxa3+ Kxa3 77. d7 b5 78. d8Q b4 79. Qa5+ Kb3 80. Kd6 Kc3 81. Kc5 1-0

[Event "Titled Tuesday intern op 24th Oct Late"]
[Site "Chess.com INT"]
[Date "2023.10.24"]
[Round "9"]
[White "Shapiro, Viktor"]
[Black "Martinez, Shawn"]
[Result "1/2-1/2"]
[WhiteElo "2113"]
[BlackElo "1869"]
[PlyCount "92"]
[EventDate "2023.10.24"]
[EventType "swiss (blitz)"]
[EventRounds "11"]
[EventCountry "USA"]
[SourceTitle "Mega2024 Update 01"]
[Source "Chessbase"]
[SourceDate "2023.11.12"]
[SourceVersion "1"]
[SourceVersionDate "2023.11.12"]
[SourceQuality "1"]

1. c4 g6 2. Nc3 Bg7 3. Nf3 c5 4. d4 cxd4 5. Nxd4 Nc6 6. Nb3 Nf6 7. c5 0-0 8. e4 b6 9. cxb6 axb6 10. Be3 Ba6 11. Bxa6 Rxa6 12. 0-0 b5 13. Qd3 Qa8 14. Qxb5 Rb8 15. Qe2 Nb4 16. Nc5 Ra5 17. a3 d6 18. Nb3 Nc6 19. Nxa5 Qxa5 20. b4 Qe5 21. Rac1 Nd8 22. f4 Qe6 23. Qd3 Ra8 24. a4 Qb3 25. b5 Ne6 26. Qc2 Qa3 27. Rfd1 Ng4 28. Bb6 Rb8 29. a5 Rxb6 30. axb6 Qc5+ 31. Kh1 Nf2+ 32. Qxf2 Qxf2 33. Nd5 Nxf4 34. Nxf4 Qxf4 35. b7 Be5 36. b8Q+ Kg7 37. g3 Qf3+ 38. Kg1 Qe3+ 39. Kf1 Qf3+ 40. Ke1 Qe3+ 41. Kf1 Qf3+ 42. Kg1 Qe3+ 43. Kg2 Qe2+ 44. Kh3 Qh5+ 45. Kg2 Qe2+ 46. Kg1 Qe3+ 1/2-1/2

[Event "Titled Tuesday intern op 22nd Aug Late"]
[Site "Chess.com INT"]
[Date "2023.08.22"]
[Round "7"]
[White "Sreyas, Payyappat"]
[Black "Martinez, Shawn"]
[Result "1-0"]
[WhiteElo "2075"]
[BlackElo "1869"]
[PlyCount "53"]
[EventDate "2023.08.22"]
[EventType "swiss (blitz)"]
[EventRounds "11"]
[EventCountry "USA"]
[SourceTitle "EXT 2024"]
[Source "ChessBase"]
[SourceDate "2023.10.10"]
[SourceVersion "1"]
[SourceVersionDate "2023.10.10"]
[SourceQuality "1"]

1. e4 c5 2. Nf3 e6 3. d4 cxd4 4. Nxd4 a6 5. Nc3 Bb4 6. Be3 Qc7 7. Qd2 Nf6 8. Bd3 d5 9. 0-0 e5 10. Ncb5 axb5 11. Nxb5 Qe7 12. c3 Bc5 13. exd5 Nxd5 14. Bxc5 Qxc5 15. b4 Qc6 16. c4 Nf4 17. Be4 Qh6 18. Nc7+ Ke7 19. Rad1 Ra3 20. b5 Ra4 21. Qc2 Ra7 22. Qb2 f5 23. Qxe5+ Be6 24. Bxf5 Ne2+ 25. Qxe2 Nd7 26. Bxe6 Qxe6 27. Qxe6+ 1-0

[Event "Titled Tuesday intern op 15th Aug Early"]
[Site "Chess.com INT"]
[Date "2023.08.15"]
[Round "10"]
[White "Johnson, Ben"]
[Black "Martinez, Shawn"]
[Result "0-1"]
[WhiteElo "1961"]
[BlackElo "1869"]
[PlyCount "102"]
[EventDate "2023.08.15"]
[EventType "swiss (blitz)"]
[EventRounds "11"]
[EventCountry "USA"]
[SourceTitle "EXT 2024"]
[Source "ChessBase"]
[SourceDate "2023.10.10"]
[SourceVersion "1"]
[SourceVersionDate "2023.10.10"]
[SourceQuality "1"]

1. Nf3 g6 2. e4 Bg7 3. d4 a6 4. Bc4 b5 5. Bb3 Bb7 6. Qe2 e6 7. Bg5 Ne7 8. e5 h6 9. Bh4 g5 10. Bg3 Nf5 11. c3 g4 12. Nfd2 Qg5 13. Ne4 Bxe4 14. Qxe4 Qc1+ 15. Bd1 Qxb2 16. Qxa8 0-0 17. Qe4 Qxa1 18. 0-0 h5 19. Bf4 Qxa2 20. Bg5 d5 21. Qd3 b4 22. h3 gxh3 23. gxh3 bxc3 24. Nxc3 Qc4 25. Qxc4 dxc4 26. Be3 Nc6 27. Bxh5 Ncxd4 28. Bf4 Rb8 29. Ra1 Rb3 30. Ne4 Rxh3 31. Bxf7+ Kf8 32. Ng5 Rh4 33. Bg3 Rg4 34. Nxe6+ Kxf7 35. Nxc7 Ne2+ 36. Kf1 Nexg3+ 37. fxg3 Rxg3 38. Rxa6 Bxe5 39. Nd5 c3 40. Ra7+ Ke6 41. Nb4 Ne3+ 42. Kf2 Rh3 43. Ra6+ Kf5 44. Nd3 Ng4+ 45. Kg2 Rxd3 46. Ra5 Rd2+ 47. Kf1 c2 48. Rc5 Rd1+ 49. Ke2 c1Q 50. Rc4 Qxc4+ 51. Kf3 Qf1# 0-1

[Event "Titled Tuesday intern op 15th Aug Early"]
[Site "Chess.com INT"]
[Date "2023.08.15"]
[Round "2"]
[White "Maltsevskaya, Aleksandra"]
[Black "Martinez, Shawn"]
[Result "1-0"]
[WhiteElo "2386"]
[BlackElo "1869"]
[PlyCount "139"]
[EventDate "2023.08.15"]
[EventType "swiss (blitz)"]
[EventRounds "11"]
[EventCountry "USA"]
[SourceTitle "EXT 2024"]
[Source "ChessBase"]
[SourceDate "2023.10.10"]
[SourceVersion "1"]
[SourceVersionDate "2023.10.10"]
[SourceQuality "1"]

1. Nf3 g6 2. g3 Bg7 3. Bg2 d5 4. 0-0 c5 5. d3 Nc6 6. Nbd2 e5 7. e4 d4 8. Nh4 Nge7 9. f4 f5 10. exf5 Nxf5 11. Nxf5 Bxf5 12. Ne4 Bxe4 13. Bxe4 0-0 14. f5 gxf5 15. Bxf5 Ne7 16. Be4 Rxf1+ 17. Qxf1 Qd7 18. Bg5 Rf8 19. Qe2 Nd5 20. Qh5 Nf6 21. Bxf6 Bxf6 22. Rf1 b6 23. Rf5 Qg7 24. Kg2 Kh8 25. Qh3 h6 26. Rh5 Bg5 27. Qe6 Qf6 28. Qxf6+ Rxf6 29. h4 Bc1 30. Rxe5 Bxb2 31. Re7 a5 32. g4 Bc1 33. Re5 Be3 34. g5 hxg5 35. hxg5 Rf2+ 36. Kh3 Kg7 37. Re7+ Kf8 38. Rb7 Bxg5 39. Rxb6 Rxc2 40. Kg4 Bd8 41. Rb8 Ke7 42. Rb7+ Kd6 43. Rh7 Rxa2 44. Rh6+ Kc7 45. Kf5 Rf2+ 46. Ke5 a4 47. Rh7+ Kb6 48. Rb7+ Ka5 49. Kd6 Rf6+ 50. Kxc5 Bb6+ 51. Kc4 a3 52. Rb8 Rf7 53. Kb3 Ra7 54. Kxa3 Kb5+ 55. Kb3 Kc5 56. Rc8+ Kb5 57. Bc6+ Ka5 58. Bd5 Rc7 59. Rf8 Rc3+ 60. Kb2 Bc5 61. Rf5 Kb6 62. Bc4 Ba3+ 63. Ka2 Bc1 64. Rb5+ Kc6 65. Rf5 Ba3 66. Rd5 Kb6 67. Rxd4 Bc5 68. Rg4 Ka5 69. Kb2 Ra3 70. Rg5 1-0

[Event "Titled Tuesday intern op 15th Aug Late"]
[Site "Chess.com INT"]
[Date "2023.08.15"]
[Round "5"]
[White "Martinez, Shawn"]
[Black "Bueno, Alfeu Varela Jr"]
[Result "0-1"]
[WhiteElo "1869"]
[BlackElo "2135"]
[PlyCount "70"]
[EventDate "2023.08.15"]
[EventType "swiss (blitz)"]
[EventRounds "11"]
[EventCountry "USA"]
[SourceTitle "EXT 2024"]
[Source "ChessBase"]
[SourceDate "2023.10.10"]
[SourceVersion "1"]
[SourceVersionDate "2023.10.10"]
[SourceQuality "1"]

1. e4 e6 2. d4 d5 3. Bd3 Nf6 4. e5 Nfd7 5. f4 c5 6. c3 Nc6 7. Nf3 f6 8. 0-0 Be7 9. a3 0-0 10. b4 cxd4 11. cxd4 Qb6 12. Kh1 f5 13. Be3 a5 14. b5 Nd8 15. Nc3 Nf7 16. h3 Qd8 17. Rg1 Nb6 18. g4 Nh6 19. Ng5 Qe8 20. gxf5 Nxf5 21. Bxf5 Rxf5 22. Qg4 Bxg5 23. fxg5 Nc4 24. Bf4 a4 25. Rg3 Bd7 26. Rag1 Bxb5 27. Kh2 Bd7 28. h4 b5 29. Na2 Qe7 30. Nb4 Nxa3 31. Nxd5 exd5 32. g6 h6 33. e6 Bxe6 34. Be5 Raf8 35. R1g2 Rxe5 0-1

[Event "Titled Tuesday intern op 15th Aug Early"]
[Site "Chess.com INT"]
[Date "2023.08.15"]
[Round "7"]
[White "Martinez, Shawn"]
[Black "Valle Luis, Leo"]
[Result "1-0"]
[WhiteElo "1869"]
[BlackElo "2250"]
[PlyCount "135"]
[EventDate "2023.08.15"]
[EventType "swiss (blitz)"]
[EventRounds "11"]
[EventCountry "USA"]
[SourceTitle "EXT 2024"]
[Source "ChessBase"]
[SourceDate "2023.10.10"]
[SourceVersion "1"]
[SourceVersionDate "2023.10.10"]
[SourceQuality "1"]

1. e4 c5 2. Nc3 e6 3. Nf3 a6 4. d4 cxd4 5. Nxd4 b5 6. a3 Bb7 7. Be2 Qc7 8. 0-0 Nf6 9. Bf3 d6 10. Re1 Nbd7 11. Bg5 Ne5 12. Bxf6 gxf6 13. g3 Nxf3+ 14. Qxf3 Be7 15. Rad1 h5 16. Re3 Qb6 17. Nd5 Qd8 18. h4 Rc8 19. c3 Rc5 20. Qe2 exd5 21. b4 Rc7 22. exd5 Bxd5 23. Nf5 Be6 24. Ng7+ Kf8 25. Nxe6+ fxe6 26. Rxe6 Kf7 27. Re3 Qd7 28. Rd4 Bf8 29. Rde4 Qf5 30. Rf4 Qb1+ 31. Kh2 Qg6 32. Ref3 Bg7 33. Qd2 Re8 34. Qxd6 Rce7 35. Qd5+ Kf8 36. Rf5 Qf7 37. Qc5 Kg8 38. Rxh5 Re5 39. Rxe5 Rxe5 40. Qc8+ Re8 41. Qxa6 Qd5 42. Kg2 Re2 43. Qc8+ Kh7 44. Qg4 Re4 45. Qf5+ Qxf5 46. Rxf5 Rc4 47. Rxb5 Rxc3 48. a4 Rb3 49. a5 Kg6 50. Rb6 Bf8 51. g4 Rxb4 52. Rxb4 Bxb4 53. a6 Bc5 54. f4 Be3 55. Kf3 Ba7 56. Ke4 Kf7 57. h5 Ke7 58. h6 Kf7 59. Kf5 Bf2 60. g5 fxg5 61. fxg5 Ba7 62. g6+ Kg8 63. Kf6 Bf2 64. h7+ Kh8 65. Kf7 Bd4 66. a7 Bxa7 67. g7+ Kxh7 68. g8Q+ 1-0

[Event "Titled Tuesday intern op 23rd May Early"]
[Site "Chess.com INT"]
[Date "2023.05.23"]
[Round "8"]
[White "Martinez, Shawn"]
[Black "Hon, Eric"]
[Result "1-0"]
[WhiteElo "1881"]
[BlackElo "1897"]
[PlyCount "81"]
[EventDate "2023.05.23"]
[EventType "swiss (blitz)"]
[EventRounds "11"]
[EventCountry "USA"]
[SourceTitle "CBM 214 Extra"]
[Source "ChessBase"]
[SourceDate "2023.07.31"]
[SourceVersion "1"]
[SourceVersionDate "2023.07.31"]
[SourceQuality "1"]

1. e4 c5 2. Nc3 Nc6 3. Bb5 Nd4 4. Nf3 g6 5. Bc4 Bg7 6. Nxd4 cxd4 7. Qf3 Nh6 8. d3 0-0 9. Ne2 Ng4 10. Bxf7+ Rxf7 11. Qxg4 d5 12. Qh4 dxe4 13. Qxe4 e5 14. Ng3 Be6 15. 0-0 Rc8 16. h4 Rxc2 17. Bg5 Qd5 18. Rac1 Rxb2 19. Qe1 Qxa2 20. Ne4 h6 21. Rc5 hxg5 22. Nxg5 Rf8 23. Qe4 Bf5 24. Qf3 Bh6 25. Rxe5 Bxg5 26. hxg5 Qf7 27. Qg3 Kg7 28. Rfe1 Kg8 29. Re7 Qd5 30. Qh4 Rf7 31. Re8+ Rf8 32. R1e7 Rb1+ 33. Kh2 Qd6+ 34. f4 Qxe7 35. Rxe7 Rf7 36. Re8+ Rf8 37. Re5 Rb6 38. Qh6 Bxd3 39. Re7 Rf7 40. Re8+ Rf8 41. Rxf8# 1-0

[Event "Titled Tuesday intern op 23rd May Early"]
[Site "Chess.com INT"]
[Date "2023.05.23"]
[Round "7"]
[White "Martinez, Shawn"]
[Black "Thiel, Thomas"]
[Result "0-1"]
[WhiteElo "1881"]
[BlackElo "2234"]
[PlyCount "92"]
[EventDate "2023.05.23"]
[EventType "swiss (blitz)"]
[EventRounds "11"]
[EventCountry "USA"]
[SourceTitle "CBM 214 Extra"]
[Source "ChessBase"]
[SourceDate "2023.07.31"]
[SourceVersion "1"]
[SourceVersionDate "2023.07.31"]
[SourceQuality "1"]

1. e4 d5 2. exd5 Nf6 3. d4 Nxd5 4. c4 Nb6 5. Nc3 e5 6. d5 Bb4 7. Bd3 c6 8. dxc6 Nxc6 9. Nf3 0-0 10. 0-0 Bxc3 11. bxc3 Bg4 12. Re1 Re8 13. h3 Bh5 14. Qe2 Bg6 15. Bxg6 hxg6 16. Ba3 e4 17. Nh2 f5 18. Rad1 Qf6 19. c5 Nc8 20. Qc4+ Qf7 21. Qb5 a6 22. Qa4 N8a7 23. Rd6 Nb5 24. Red1 Nxc3 25. Qc2 Nxd1 26. Qxd1 Rad8 27. Nf1 Qxa2 28. Bc1 Rxd6 29. cxd6 Qe6 30. Bf4 Rd8 31. h4 Ne5 32. Qd4 Nf7 33. Ne3 Nxd6 34. Bg5 Rd7 35. Qc5 Nf7 36. Qc8+ Kh7 37. Bf4 Ne5 38. Qf8 Rf7 39. Qb8 Nd3 40. Bg5 Rd7 41. Qf8 Qf7 42. Qb8 f4 43. Ng4 f3 44. g3 Nc5 45. Ne3 Ne6 46. Qe5 Qf5 0-1

[Event "Titled Tuesday intern op 09th May Late"]
[Site "Chess.com INT"]
[Date "2023.05.09"]
[Round "7"]
[White "Karas, Marek"]
[Black "Martinez, Shawn"]
[Result "0-1"]
[WhiteElo "2227"]
[BlackElo "1881"]
[PlyCount "72"]
[EventDate "2023.05.09"]
[EventType "swiss (blitz)"]
[EventRounds "11"]
[EventCountry "USA"]
[SourceTitle "CBM 214 Extra"]
[Source "ChessBase"]
[SourceDate "2023.07.31"]
[SourceVersion "1"]
[SourceVersionDate "2023.07.31"]
[SourceQuality "1"]

1. e3 c5 2. Nf3 e6 3. b3 d5 4. Bb2 Nf6 5. Bb5+ Bd7 6. Qe2 Nc6 7. 0-0 Bd6 8. Bxc6 Bxc6 9. Ne5 Qc7 10. f4 0-0 11. Ng4 Nd7 12. Nh6+ Kh8 13. Qg4 Nf6 14. Qh4 Qe7 15. Ng4 Nxg4 16. Qxg4 f6 17. Rf3 d4 18. Rh3 e5 19. f5 dxe3 20. dxe3 c4 21. Qxc4 Bc5 22. Nc3 Rad8 23. Qh4 h6 24. Ne4 Bb6 25. Rf1 Qf7 26. Ba3 Rfe8 27. Nd6 Rxd6 28. Bxd6 Qd5 29. Rff3 Qxd6 30. Rfg3 Qd1+ 31. Kf2 Qd2+ 32. Kf1 Qd1+ 33. Kf2 Qxc2+ 34. Kg1 Qd1+ 35. Kf2 Qd2+ 36. Kf1 Bb5+ 0-1

[Event "Titled Tuesday intern op 09th May Late"]
[Site "Chess.com INT"]
[Date "2023.05.09"]
[Round "4"]
[White "Kourkoulos Arditis, Stamatis"]
[Black "Martinez, Shawn"]
[Result "1-0"]
[WhiteElo "2539"]
[BlackElo "1881"]
[PlyCount "77"]
[EventDate "2023.05.09"]
[EventType "swiss (blitz)"]
[EventRounds "11"]
[EventCountry "USA"]
[SourceTitle "CBM 214 Extra"]
[Source "ChessBase"]
[SourceDate "2023.07.31"]
[SourceVersion "1"]
[SourceVersionDate "2023.07.31"]
[SourceQuality "1"]

1. Nf3 g6 2. e4 Bg7 3. d4 b6 4. Nc3 Bb7 5. Bd3 h6 6. h4 a6 7. Ne2 e6 8. c3 d6 9. Ng3 Nd7 10. 0-0 Ngf6 11. Re1 Qe7 12. h5 g5 13. Nf5 Qf8 14. Nxg7+ Qxg7 15. Nh2 g4 16. e5 dxe5 17. dxe5 Nd5 18. Qxg4 Qf8 19. f3 0-0-0 20. Bc2 Rg8 21. Qh3 Qg7 22. Ng4 f5 23. exf6 N7xf6 24. Bxh6 Qh8 25. Nxf6 Nxf6 26. Bf4 Nxh5 27. Qxe6+ Kb8 28. Be5 Rxg2+ 29. Kxg2 Rd2+ 30. Kg1 Nf6 31. Qxf6 Qh3 32. Bxc7+ Kxc7 33. Qf4+ Rd6 34. Re7+ Kc6 35. Be4+ Kc5 36. Rc7+ Bc6 37. Rxc6+ Rxc6 38. Qe5+ Kc4 39. b3# 1-0

[Event "Titled Tuesday intern op 09th May Late"]
[Site "Chess.com INT"]
[Date "2023.05.09"]
[Round "3"]
[White "Martinez, Shawn"]
[Black "Haszon, David"]
[Result "1-0"]
[WhiteElo "1881"]
[BlackElo "2264"]
[PlyCount "51"]
[EventDate "2023.05.09"]
[EventType "swiss (blitz)"]
[EventRounds "11"]
[EventCountry "USA"]
[SourceTitle "CBM 214 Extra"]
[Source "ChessBase"]
[SourceDate "2023.07.31"]
[SourceVersion "1"]
[SourceVersionDate "2023.07.31"]
[SourceQuality "1"]

1. e4 c5 2. Nc3 Nc6 3. Bb5 g6 4. Bxc6 dxc6 5. d3 Bg7 6. f4 e5 7. Nf3 exf4 8. Bxf4 Ne7 9. Qd2 0-0 10. 0-0 f5 11. Rae1 b6 12. Kh1 Kh8 13. Bg5 Qc7 14. Qf2 fxe4 15. Rxe4 Nf5 16. Rfe1 Bd7 17. Bf4 Qb7 18. Be5 Rae8 19. Bxg7+ Nxg7 20. Qh4 Rxe4 21. Rxe4 Nf5 22. Qf4 Qb8 23. Ne5 Be8 24. g4 Qd6 25. gxf5 Rxf5 26. Nf7+ 1-0